000 00473nam a2200121Ia 4500
008 250110s9999 xx 000 0 und d
041 _aeng
100 _aPendse S
_9182852
245 _aStudy Of Light Engineering Industry In General Analysis Of The Design Requirements For Manufacturing Appliaces And A Design Proposal Of Home Appliance Industry In Pune Metropolitan Region
260 _bBNCA M Arch EA, Mumbai
_c1978
300 _a219p
700 _aGuide Name:BNCA
_9210529
999 _c363721
_d363721